| 000 | 00575nam a2200181Ia 4500 | ||
|---|---|---|---|
| 005 | 20260429112236.0 | ||
| 008 | 260429s9999||||xx |||||||||||||| ||und|| | ||
| 020 | _a9789349167810 | ||
| 041 | _aHindi | ||
| 082 |
_a891.433 _bKUM |
||
| 100 | _aकुमारी, प्रभा | ||
| 245 | 0 |
_aदिव्य वसन भूषण पहिराए' / _cप्रभा कुमारी |
|
| 250 | _a1st ed. | ||
| 260 |
_aनई दिल्ली : _bप्रकाशन संस्थान, _c2025. |
||
| 300 | _a328 p.; Hb | ||
| 650 | _aNovel | ||
| 942 | _cTB | ||
| 999 |
_c53077 _d53077 |
||